| 000 | 00432nam a2200145 a 4500 | ||
|---|---|---|---|
| 001 | 4216 | ||
| 003 | CDMR | ||
| 005 | 20130327105431.0 | ||
| 008 | 130130s1992||||||||||||||||||||||||||||d | ||
| 040 |
_aCDMR _bcat _cCDMR |
||
| 245 | 0 | 0 |
_aCodi Deontològic _b: declaració de principis de la professió periodística a Catalunya |
| 260 |
_aBarcelona _c1992 _bCol.legi de Periodistes de Catalunya |
||
| 300 |
_a[5] f ; _c30 cm |
||
| 942 |
_cMON _2udc |
||
| 999 |
_c4216 _d4216 |
||